Thiết kế bài giảng Toán 6 Theo chương trình và SGK do Bộ Giáo dục và Đào tạo ban hành năm 2002 T.2
Đã lưu trong:
| Tác giả chính: | |
|---|---|
| Tác giả khác: | |
| Định dạng: | Sách |
| Ngôn ngữ: | Undetermined |
| Được phát hành: |
H.
ĐHQG Hà Nội
2003
|
| Những chủ đề: | |
| Truy cập trực tuyến: | http://lrc.tdmu.edu.vn/opac/search/detail.asp?aID=2&ID=4790 |
| Các nhãn: |
Thêm thẻ
Không có thẻ, Là người đầu tiên thẻ bản ghi này!
|
| Thư viện lưu trữ: | Trung tâm Học liệu Trường Đại học Thủ Dầu Một |
|---|
| LEADER | 00818nam a2200229Ia 4500 | ||
|---|---|---|---|
| 001 | TDMU_4790 | ||
| 008 | 210410s9999 xx 000 0 und d | ||
| 082 | |a 510.72 | ||
| 090 | |b H407 | ||
| 100 | |a Hoàng, Ngọc Diệp | ||
| 245 | 0 | |a Thiết kế bài giảng Toán 6 | |
| 245 | 0 | |b Theo chương trình và SGK do Bộ Giáo dục và Đào tạo ban hành năm 2002 | |
| 245 | 0 | |c Hoàng Ngọc Diệp | |
| 245 | 0 | |n T.2 | |
| 260 | |a H. | ||
| 260 | |b ĐHQG Hà Nội | ||
| 260 | |c 2003 | ||
| 300 | |a 332tr | ||
| 650 | |a Toán học |x Dạy và học; Sách lớp 6 |v Thiết kế bài giảng | ||
| 700 | |a Nguyễn, Thị Thịnh | ||
| 856 | |u http://lrc.tdmu.edu.vn/opac/search/detail.asp?aID=2&ID=4790 | ||
| 980 | |a Trung tâm Học liệu Trường Đại học Thủ Dầu Một | ||